Kiểm soát nguồn lực vật chất : Để quản lý kho hiệu quả hơn
Đề cập đến vấn đề quản lý và kiểm soát các nguồn lực: Thiết bị và vật liệu. Bao gồm: lý thuyết, bài tập thực hành, kiểm tra, đáp án...liên quan đến nguồn lực, chức năng quản lý và vấn đề tồn trữ vật liệu
Spremljeno u:
| Format: | Knjiga |
|---|---|
| Jezik: | Vietnamese |
| Izdano: |
Tp. Hồ Chí Minh
Trẻ
2003
|
| Serija: | Bộ sách Quản trị tài chính và kế toán
|
| Teme: | |
| Oznake: |
Dodaj oznaku
Bez oznaka, Budi prvi tko označuje ovaj zapis!
|
| Thư viện lưu trữ: | Mạng thư viện Đại học Đà Nẵng |
|---|
| LEADER | 01379nam a2200349 4500 | ||
|---|---|---|---|
| 001 | 000015087 | ||
| 003 | 11458 | ||
| 005 | 20120522090558.0 | ||
| 008 | 120522s2003 viesd | ||
| 020 | |c 26000đ | ||
| 041 | 0 | |a vie | |
| 082 | |a 658.2 |b Kiê | ||
| 245 | 0 | |a Kiểm soát nguồn lực vật chất : Để quản lý kho hiệu quả hơn | |
| 260 | |a Tp. Hồ Chí Minh |b Trẻ |c 2003 | ||
| 300 | |a 121tr. |c 24 cm | ||
| 490 | |a Bộ sách Quản trị tài chính và kế toán | ||
| 520 | |a Đề cập đến vấn đề quản lý và kiểm soát các nguồn lực: Thiết bị và vật liệu. Bao gồm: lý thuyết, bài tập thực hành, kiểm tra, đáp án...liên quan đến nguồn lực, chức năng quản lý và vấn đề tồn trữ vật liệu | ||
| 653 | |a doanh nghiệp | ||
| 653 | |a kinh doanh | ||
| 653 | |a kinh tế | ||
| 653 | |a nhân lực | ||
| 653 | |a quản trị | ||
| OWN | |a LSP | ||
| AVA | |a UDN50 |b LSP |d 658.2 Kiê |e available |t Error 5001 Not defined in file expand_doc_bib_avail. |f 1 |g 0 |h N |i 0 |k 1 | ||
| 999 | |a From the UDN01 | ||
| AVA | |a UDN50 |b LSP |d 658.2 Kiê |e available |t Error 5001 Not defined in file expand_doc_bib_avail. |f 1 |g 0 |h N |i 0 |k 1 | ||
| TYP | |a Monograph | ||
| TYP | |a Printed language | ||
| 980 | |a Mạng thư viện Đại học Đà Nẵng | ||